[Event "DEN-chT 2425 62nd"]
[Site "Denmark"]
[Date "2025.01.25"]
[Round "5.4"]
[White "Sylvan, Jacob"]
[Black "Aabling Thomsen, Jakob"]
[Result "0-1"]
[WhiteElo "2329"]
[BlackElo "2331"]
[PlyCount "78"]
[EventDate "2024.11.02"]
[EventType "team-tourn"]
[EventRounds "9"]
[EventCountry "DEN"]
[SourceTitle "CB16_2025"]
[SourceDate "2025.04.16"]
[SourceVersion "1"]
[SourceVersionDate "2025.04.16"]
[SourceQuality "1"]
[WhiteTeam "Nordkalotten"]
[BlackTeam "Bronshoj"]
[WhiteTeamCountry "DEN"]
[BlackTeamCountry "DEN"]

1. e4 c5 2. Nf3 g6 3. d4 cxd4 4. Qxd4 Nf6 5. e5 Nc6 6. Qa4 Nd5 7. Qe4 Nb6 8. Bf4 d5 9. exd6 Bf5 10. Qe2 Nd5 11. dxe7 Bxe7 12. Bh6 Ndb4 13. Na3 Qa5 14. Qd2 Rd8 15. Qc3 Bf6 16. Qe3+ Be6 17. c3 Nd5 18. Qc1 Nxc3 19. Bd2 Rxd2 20. Qxd2 0-0 21. Bd3 Rd8 22. 0-0 Bf5 23. Ne1 Ne5 24. bxc3 Qxa3 25. Qf4 Nxd3 26. Nxd3 Rxd3 27. g4 Bxc3 28. gxf5 Bxa1 29. Rxa1 Rf3 30. Qb8+ Kg7 31. fxg6 Qb2 32. Rf1 hxg6 33. Qxa7 Ra3 34. Qb8 Rxa2 35. Kg2 Ra5 36. Qf4 Rf5 37. Qe3 Qf6 38. Rc1 Rg5+ 39. Kh1 b5 0-1

[Event "Odense-A"]
[Site "Odense"]
[Date "2024.10.11"]
[Round "1"]
[White "Jacobsen, Mikkel Manosri"]
[Black "Aabling Thomsen, Jakob"]
[Result "1-0"]
[WhiteElo "2322"]
[BlackElo "2348"]
[PlyCount "77"]
[EventDate "2024.10.11"]
[EventType "tourn"]
[EventRounds "5"]
[EventCountry "DEN"]
[EventCategory "6"]
[SourceTitle "CB43_2024"]
[Source "Chessbase"]
[SourceDate "2024.10.23"]
[SourceVersion "1"]
[SourceVersionDate "2024.10.23"]
[SourceQuality "1"]

1. c4 d6 2. g3 f5 3. Bg2 Nf6 4. Nc3 g6 5. b4 Bg7 6. Bb2 e5 7. d3 0-0 8. Qb3 Kh8 9. Nf3 Qe7 10. Nd5 Nxd5 11. cxd5 c6 12. Nd2 cxd5 13. Bxd5 Nd7 14. Bg2 Nf6 15. b5 Be6 16. Nc4 e4 17. 0-0 d5 18. Ne5 Rfc8 19. f4 Qc5+ 20. d4 Qc2 21. e3 Qxb3 22. axb3 Rc2 23. Rf2 Rac8 24. Rxc2 Rxc2 25. Ba3 Rc3 26. Bc1 Ng4 27. Nxg4 fxg4 28. Bf1 Bf8 29. Bd2 Rc2 30. Be1 Bd6 31. Rxa7 b6 32. Rb7 Bc7 33. Bb4 Bc8 34. Ra7 Bd7 35. Bc5 Bxf4 36. gxf4 bxc5 37. Rxd7 cxd4 38. exd4 e3 39. Re7 1-0

[Event "Titled Tuesday intern op 16th Jul Late"]
[Site "Chess.com INT"]
[Date "2024.07.16"]
[Round "7"]
[White "Aabling Thomsen, Jakob"]
[Black "Montano Vicente, Guadalupe"]
[Result "0-1"]
[WhiteElo "2348"]
[BlackElo "1991"]
[PlyCount "100"]
[EventDate "2024.07.16"]
[EventType "swiss (blitz)"]
[EventRounds "11"]
[EventCountry "USA"]
[SourceTitle "EXT 2025"]
[Source "ChessBase"]
[SourceDate "2024.10.14"]
[SourceVersion "1"]
[SourceVersionDate "2024.10.14"]
[SourceQuality "1"]

1. c4 Nf6 2. g3 e5 3. Bg2 d6 4. d4 exd4 5. Qxd4 Nc6 6. Qd2 g6 7. Nc3 Bg7 8. b3 0-0 9. Bb2 Re8 10. Nd5 Nxd5 11. cxd5 Bxb2 12. Qxb2 Ne5 13. 0-0-0 Nd7 14. e4 Qf6 15. f4 Qxb2+ 16. Kxb2 Nc5 17. Rd4 f5 18. exf5 Bxf5 19. b4 Nd3+ 20. Kc3 Ne1 21. Bh3 Be4 22. Be6+ Rxe6 23. dxe6 Bxh1 24. Rd1 Nf3 25. Ne2 Bg2 26. g4 Rf8 27. Rd3 Nxh2 28. f5 Bc6 29. Nd4 Nxg4 30. fxg6 hxg6 31. Rg3 Ne5 32. b5 Bd5 33. a4 Re8 34. a5 Bxe6 35. b6 axb6 36. axb6 cxb6 37. Nb5 Rc8+ 38. Kd2 Rc6 39. Nd4 d5 40. Nxc6 bxc6 41. Rg5 Nc4+ 42. Kc3 Bf5 43. Kd4 Kf7 44. Rg1 Ke6 45. Ra1 Kd6 46. Ra7 c5+ 47. Kc3 b5 48. Ra6+ Ke5 49. Rc6 b4+ 50. Kb3 Na5+ 0-1

[Event "Titled Tuesday intern op 16th Jul Late"]
[Site "Chess.com INT"]
[Date "2024.07.16"]
[Round "2"]
[White "Novik, Maxim"]
[Black "Aabling Thomsen, Jakob"]
[Result "0-1"]
[WhiteElo "2409"]
[BlackElo "2348"]
[PlyCount "120"]
[EventDate "2024.07.16"]
[EventType "swiss (blitz)"]
[EventRounds "11"]
[EventCountry "USA"]
[SourceTitle "EXT 2025"]
[Source "ChessBase"]
[SourceDate "2024.10.14"]
[SourceVersion "1"]
[SourceVersionDate "2024.10.14"]
[SourceQuality "1"]

1. e4 e5 2. Nf3 d5 3. d4 dxe4 4. Nxe5 Bd6 5. Bc4 Bxe5 6. Qh5 Qe7 7. Qxe5 Qxe5 8. dxe5 Nc6 9. Bf4 Nge7 10. e6 Bxe6 11. Bxe6 fxe6 12. Nd2 Nd5 13. Bg3 e3 14. Ne4 exf2+ 15. Kxf2 0-0+ 16. Ke2 Nf4+ 17. Bxf4 Rxf4 18. Ke3 e5 19. c3 Ne7 20. Nc5 Nd5+ 21. Ke2 Raf8 22. Rhf1 Rxf1 23. Rxf1 Rxf1 24. Kxf1 b6 25. Ne4 Kf7 26. Ke2 h6 27. Kd3 Ke6 28. g3 a5 29. a4 Nf6 30. Nd2 Ng4 31. b4 Nxh2 32. bxa5 bxa5 33. Nc4 Nf1 34. g4 Nh2 35. g5 h5 36. Nxa5 h4 37. Ke3 Nf1+ 38. Kf2 Nd2 39. Nb7 Ne4+ 40. Kg2 Nxg5 41. a5 Kd7 42. a6 Kc8 43. Nc5 Kb8 44. Nd7+ Ka7 45. Nxe5 Kxa6 46. Ng6 h3+ 47. Kg3 Kb5 48. Ne5 Ne4+ 49. Kxh3 Nxc3 50. Kg4 Nd5 51. Kf5 Ne7+ 52. Ke6 Nc6 53. Ng6 Nd4+ 54. Kf7 c5 55. Kxg7 c4 56. Kf6 c3 57. Ne5 c2 58. Nd3 Kc4 59. Nc1 Nb3 60. Ke5 Nxc1 0-1

[Event "DEN-chT 2324 61st"]
[Site "Denmark"]
[Date "2024.04.06"]
[Round "8.3"]
[White "Jacobsen, Mikkel Manosri"]
[Black "Aabling Thomsen, Jakob"]
[Result "1-0"]
[WhiteElo "2321"]
[BlackElo "2346"]
[PlyCount "65"]
[EventDate "2023.10.28"]
[EventType "team-tourn"]
[EventRounds "9"]
[EventCountry "DEN"]
[SourceTitle "EXT 2025"]
[Source "ChessBase"]
[SourceDate "2024.10.14"]
[SourceVersion "1"]
[SourceVersionDate "2024.10.14"]
[SourceQuality "1"]
[WhiteTeam "BMS"]
[BlackTeam "Bronshoj"]
[WhiteTeamCountry "DEN"]
[BlackTeamCountry "DEN"]

1. c4 Nf6 2. g3 e5 3. Bg2 g6 4. Nc3 Bg7 5. d3 0-0 6. e3 c6 7. e4 d6 8. Nge2 Be6 9. 0-0 Qd7 10. f4 Bh3 11. f5 Bxg2 12. Kxg2 d5 13. Bg5 d4 14. Na4 Na6 15. c5 h6 16. Bd2 Kh7 17. h3 Rg8 18. g4 g5 19. Ng3 Bf8 20. Rc1 Be7 21. Rh1 Kg7 22. h4 Kf8 23. hxg5 hxg5 24. Rh6 Ke8 25. Kf3 Qc7 26. Qb3 Nb8 27. Rch1 Nbd7 28. Rh8 Nf8 29. Nh5 N8d7 30. Nxf6+ Nxf6 31. Bxg5 Kd7 32. Bxf6 Rxh8 33. Bxh8 1-0

[Event "Titled Tuesday intern op 02nd Feb"]
[Site "Chess.com INT"]
[Date "2021.02.02"]
[Round "2"]
[White "Aabling Thomsen, Jakob"]
[Black "Kashlinskaya, Alina"]
[Result "0-1"]
[WhiteElo "2348"]
[BlackElo "2494"]
[PlyCount "104"]
[EventDate "2021.02.02"]
[EventType "swiss (blitz)"]
[EventRounds "11"]
[EventCountry "USA"]
[SourceTitle "CBM 200 Extra"]
[Source "ChessBase"]
[SourceDate "2021.03.31"]
[SourceVersion "1"]
[SourceVersionDate "2021.03.31"]
[SourceQuality "1"]

1. e4 c6 2. d3 d5 3. Nd2 e5 4. Ngf3 Bd6 5. g3 Nf6 6. Bg2 0-0 7. 0-0 Re8 8. Re1 Nbd7 9. b3 Nf8 10. Bb2 Ng6 11. h3 a5 12. a3 Qb6 13. Re2 Bd7 14. Kh2 Rad8 15. Qe1 Qc7 16. Rd1 Bc8 17. Nf1 d4 18. b4 axb4 19. axb4 Qe7 20. b5 cxb5 21. Rb1 Bd7 22. N1d2 Ra8 23. Nb3 Bc6 24. Bc1 Ra2 25. Qd1 Rea8 26. Ne1 h6 27. Bd2 Nd7 28. Ra1 Nc5 29. Rxa2 Rxa2 30. Qb1 Ra8 31. h4 Na4 32. Bh3 Nc3 33. Bxc3 dxc3 34. Nf3 Qf6 35. Kg2 b4 36. Re1 Nf8 37. Re3 Ne6 38. Nh2 Nd4 39. Nxd4 exd4 40. Rf3 Qe7 41. h5 Ra3 42. Ng4 f5 43. Rxf5 Bxe4+ 44. dxe4 Qxe4+ 45. Rf3 b3 46. Qc1 b2 47. Nxh6+ Kh7 48. Qg5 b1Q 49. Bf5+ Kh8 50. Bxe4 Ra1 51. Nf7+ Kg8 52. Qd8+ Bf8 0-1

[Event "Titled Tuesday intern op 02nd Feb"]
[Site "Chess.com INT"]
[Date "2021.02.02"]
[Round "11"]
[White "Aabling Thomsen, Jakob"]
[Black "Kiseleva, Arina"]
[Result "1-0"]
[WhiteElo "2348"]
[BlackElo "2035"]
[PlyCount "79"]
[EventDate "2021.02.02"]
[EventType "swiss (blitz)"]
[EventRounds "11"]
[EventCountry "USA"]
[SourceTitle "CBM 200 Extra"]
[Source "ChessBase"]
[SourceDate "2021.03.31"]
[SourceVersion "1"]
[SourceVersionDate "2021.03.31"]
[SourceQuality "1"]

1. e4 c5 2. Nf3 d6 3. d4 cxd4 4. Qxd4 Nc6 5. Bb5 Bd7 6. Bxc6 Bxc6 7. Nc3 Nf6 8. Bg5 Qc7 9. 0-0-0 h6 10. Bxf6 gxf6 11. Kb1 h5 12. Rhe1 Bh6 13. Nd5 Bxd5 14. exd5 0-0-0 15. Qxa7 Rhg8 16. Rd3 Rg4 17. Rc3 Rc4 18. Rxc4 Qxc4 19. Rxe7 Qf1+ 20. Re1 Qb5 21. Nd4 Qc5 22. Qa8+ Kc7 23. Re7+ Rd7 24. Rxd7+ Kxd7 25. Qxb7+ Ke8 26. Qc6+ Qxc6 27. Nxc6 Bd2 28. c4 Kd7 29. b4 Be1 30. f3 Bf2 31. a4 Kc7 32. h3 f5 33. a5 Kb7 34. Kc2 f4 35. Kb3 Be3 36. Ka4 Ka6 37. b5+ Kb7 38. b6 Ka6 39. Nb4+ Kb7 40. Kb5 1-0

[Event "Titled Tuesday intern op 02nd Feb"]
[Site "Chess.com INT"]
[Date "2021.02.02"]
[Round "6"]
[White "Robledo, Cristian"]
[Black "Aabling Thomsen, Jakob"]
[Result "1-0"]
[WhiteElo "2274"]
[BlackElo "2348"]
[PlyCount "63"]
[EventDate "2021.02.02"]
[EventType "swiss (blitz)"]
[EventRounds "11"]
[EventCountry "USA"]
[SourceTitle "CBM 200 Extra"]
[Source "ChessBase"]
[SourceDate "2021.03.31"]
[SourceVersion "1"]
[SourceVersionDate "2021.03.31"]
[SourceQuality "1"]

1. d4 d6 2. Bg5 c6 3. Nc3 Qb6 4. Qd2 Qxb2 5. Rb1 Qa3 6. e4 h6 7. Bh4 Qa5 8. Bc4 Nd7 9. Nge2 Ngf6 10. 0-0 g5 11. Bg3 h5 12. e5 dxe5 13. dxe5 Nxe5 14. Bxe5 Qxe5 15. Rfd1 Qc7 16. Qxg5 Rg8 17. Qd2 Bg4 18. Qe3 e6 19. h3 Bf5 20. Nd4 Bc5 21. Nxe6 fxe6 22. Qxc5 Bxh3 23. Bf1 Bg4 24. Nb5 Qe7 25. Nd6+ Kf8 26. Rxb7 Nd7 27. Rxd7 Qxd7 28. Nf5+ Ke8 29. Rxd7 Kxd7 30. Qe7+ Kc8 31. Nd6+ Kb8 32. Qb7# 1-0

[Event "Titled Tuesday intern op 7th April"]
[Site "Chess.com INT"]
[Date "2020.04.07"]
[Round "7"]
[White "Aabling Thomsen, Jakob"]
[Black "Kamer, Kayra"]
[Result "1-0"]
[WhiteElo "2343"]
[BlackElo "2325"]
[PlyCount "133"]
[EventDate "2020.04.07"]
[EventType "swiss (blitz)"]
[EventRounds "10"]
[EventCountry "USA"]
[SourceTitle "EXT 2021"]
[Source "ChessBase"]
[SourceDate "2020.10.23"]
[SourceVersion "1"]
[SourceVersionDate "2020.10.23"]
[SourceQuality "1"]

1. e4 c5 2. Nf3 d6 3. c3 Nf6 4. h3 g6 5. Bd3 Bg7 6. 0-0 0-0 7. Re1 Nc6 8. Bc2 Rb8 9. d4 Nd7 10. d5 Na5 11. Nbd2 b5 12. Rb1 c4 13. Nf1 b4 14. cxb4 Rxb4 15. Bd2 Rxb2 16. Rxb2 Bxb2 17. Bh6 Re8 18. Ne3 Ne5 19. Nd4 Qb6 20. Ne2 Ba6 21. Qd2 Rb8 22. Rb1 Qc5 23. Nc3 Nd3 24. Bxd3 cxd3 25. Na4 Qa3 26. Rxb2 Rxb2 27. Qxb2 Qxb2 28. Nxb2 f6 29. h4 Kf7 30. Bf4 e5 31. dxe6+ Kxe6 32. f3 Bb5 33. Kf2 Nc6 34. Nd5 Nd4 35. Nc3 Ba6 36. Be3 Nc2 37. Bxa7 f5 38. Be3 fxe4 39. fxe4 Bb7 40. Nxd3 Ba8 41. Nd5 Bxd5 42. Nf4+ Ke5 43. exd5 Nb4 44. a4 Na6 45. a5 Ke4 46. g3 Nb4 47. Bb6 Na6 48. Ke2 h6 49. Kd2 g5 50. hxg5 hxg5 51. Ne6 Kxd5 52. Nxg5 Ke5 53. Nf3+ Kf5 54. Ne1 Kg4 55. Nd3 Kxg3 56. Kc3 d5 57. Nb4 Kf3 58. Nxa6 Ke4 59. Nc7 d4+ 60. Bxd4 Kf5 61. a6 Kg6 62. a7 Kf7 63. a8Q Ke7 64. Qc6 Kd8 65. Be5 Kc8 66. Nb5+ Kd8 67. Bf6# 1-0

[Event "Titled Tuesday intern op 7th April"]
[Site "Chess.com INT"]
[Date "2020.04.07"]
[Round "4"]
[White "Aabling Thomsen, Jakob"]
[Black "Tisaj, Domen"]
[Result "1-0"]
[WhiteElo "2343"]
[BlackElo "2239"]
[PlyCount "53"]
[EventDate "2020.04.07"]
[EventType "swiss (blitz)"]
[EventRounds "10"]
[EventCountry "USA"]
[SourceTitle "EXT 2021"]
[Source "ChessBase"]
[SourceDate "2020.10.23"]
[SourceVersion "1"]
[SourceVersionDate "2020.10.23"]
[SourceQuality "1"]

1. e4 c5 2. Nf3 Nc6 3. g3 Nf6 4. d3 g6 5. Bg2 Bg7 6. 0-0 0-0 7. Qe2 d6 8. c3 e5 9. a3 Re8 10. b4 b6 11. Bb2 Ba6 12. Nbd2 Rc8 13. Rfe1 Bb7 14. Nc4 b5 15. Ne3 a6 16. Nd5 Nxd5 17. exd5 Ne7 18. c4 Qb6 19. bxc5 Qxc5 20. Rac1 bxc4 21. dxc4 a5 22. Ng5 Ba6 23. Bf1 Nxd5 24. Ne4 Qb6 25. Qd2 Nf6 26. Qxd6 Qa7 27. Nxf6+ 1-0

[Event "Titled Tuesday intern op 7th April"]
[Site "Chess.com INT"]
[Date "2020.04.07"]
[Round "3"]
[White "Hjartarson, Johann"]
[Black "Aabling Thomsen, Jakob"]
[Result "1-0"]
[WhiteElo "2525"]
[BlackElo "2343"]
[PlyCount "77"]
[EventDate "2020.04.07"]
[EventType "swiss (blitz)"]
[EventRounds "10"]
[EventCountry "USA"]
[SourceTitle "EXT 2021"]
[Source "ChessBase"]
[SourceDate "2020.10.23"]
[SourceVersion "1"]
[SourceVersionDate "2020.10.23"]
[SourceQuality "1"]

1. e4 e5 2. Nf3 d5 3. exd5 Bd6 4. c4 f5 5. d3 Nf6 6. Nc3 0-0 7. Be2 c6 8. Bg5 h6 9. Bxf6 Qxf6 10. 0-0 Nd7 11. dxc6 bxc6 12. Rc1 Bb7 13. a3 a5 14. d4 e4 15. Nd2 c5 16. dxc5 Nxc5 17. b4 Qe5 18. g3 e3 19. Nf3 exf2+ 20. Rxf2 Bxf3 21. Bxf3 Ne4 22. Bxe4 fxe4 23. Qd5+ Qxd5 24. Nxd5 Rxf2 25. Kxf2 axb4 26. axb4 Ra2+ 27. Ke3 Rxh2 28. c5 Bxg3 29. c6 Rh3 30. Kxe4 Rh4+ 31. Kf3 Bd6 32. c7 Bxc7 33. Rxc7 Rd4 34. Ne7+ Kh7 35. b5 Rb4 36. Rb7 h5 37. Kg3 Kh6 38. Rb6+ Kg5 39. Rg6# 1-0

[Event "DEN-chT 1920 58th"]
[Site "Denmark"]
[Date "2020.02.23"]
[Round "7.3"]
[White "Aabling Thomsen, Jakob"]
[Black "Pedersen, Steffen"]
[Result "1/2-1/2"]
[WhiteElo "2347"]
[BlackElo "2308"]
[PlyCount "83"]
[EventDate "2019.11.23"]
[EventType "team-tourn"]
[EventRounds "9"]
[EventCountry "DEN"]
[SourceTitle "EXT 2021"]
[Source "ChessBase"]
[SourceDate "2020.10.23"]
[SourceVersion "1"]
[SourceVersionDate "2020.10.23"]
[SourceQuality "1"]
[WhiteTeam "Bronshoj"]
[BlackTeam "Hillerod"]
[WhiteTeamCountry "DEN"]
[BlackTeamCountry "DEN"]

1. e4 e5 2. Nf3 Nc6 3. g3 Nf6 4. d3 d5 5. exd5 Nxd5 6. Bg2 Be7 7. 0-0 0-0 8. Re1 Bf6 9. Nbd2 Nb6 10. Ne4 Be7 11. Bd2 f5 12. Nc3 Bf6 13. Qc1 h6 14. a4 a5 15. Nb5 Re8 16. Bc3 Nd5 17. Nd2 Nxc3 18. bxc3 Be6 19. Rb1 Qd7 20. Qb2 Rab8 21. Na3 b6 22. Ndc4 Bd5 23. Bxd5+ Qxd5 24. Ne3 Qe6 25. Nb5 Rbc8 26. Qb3 Qxb3 27. cxb3 Ne7 28. Re2 Red8 29. Rd1 Rd7 30. Nc4 Ng6 31. h4 h5 32. d4 exd4 33. cxd4 Ne7 34. Red2 Rcd8 35. d5 Rxd5 36. Nxc7 Rxd2 37. Rxd2 Rxd2 38. Nxd2 Bd4 39. Ne6 Nc6 40. Nf4 Ne5 41. Kf1 g6 42. Ke2 1/2-1/2

[Event "DEN-chT 1920 58th"]
[Site "Denmark"]
[Date "2020.01.11"]
[Round "4.5"]
[White "Sylvan, Jacob"]
[Black "Aabling Thomsen, Jakob"]
[Result "1/2-1/2"]
[WhiteElo "2323"]
[BlackElo "2347"]
[PlyCount "135"]
[EventDate "2019.11.23"]
[EventType "team-tourn"]
[EventRounds "9"]
[EventCountry "DEN"]
[SourceTitle "CBM 194 Extra"]
[Source "ChessBase"]
[SourceDate "2020.03.31"]
[SourceVersion "1"]
[SourceVersionDate "2020.03.31"]
[SourceQuality "1"]
[WhiteTeam "Nordkallotten"]
[BlackTeam "Bronshoj"]
[WhiteTeamCountry "DEN"]
[BlackTeamCountry "DEN"]

1. e4 c5 2. Nf3 g6 3. d4 cxd4 4. Nxd4 Nf6 5. Nc3 Nc6 6. Be3 Bg7 7. Bc4 0-0 8. Bb3 Re8 9. h4 e6 10. Nxc6 dxc6 11. Qxd8 Rxd8 12. f3 e5 13. Kf2 Bf8 14. g4 Nd7 15. Bg5 Re8 16. h5 Nc5 17. hxg6 hxg6 18. Rh2 Bg7 19. Be3 Ne6 20. Ne2 Rd8 21. c3 b6 22. Rhh1 Bf8 23. Rhd1 Re8 24. a4 Rb8 25. Bc4 a5 26. Rd2 Be7 27. Rad1 Nc5 28. b3 Be6 29. Bxe6 Nxe6 30. Nc1 Nc5 31. Ke2 b5 32. axb5 Rxb5 33. Bxc5 Bxc5 34. Rd8 Kf8 35. Rxe8+ Kxe8 36. Kd3 Ba3 37. Kc2 Ke7 38. Nd3 Bd6 39. Ra1 Bc7 40. Nb2 Rb8 41. Nc4 Rh8 42. Nxa5 Bxa5 43. Rxa5 Rh3 44. Rxe5+ Kd6 45. Ra5 Rxf3 46. e5+ Ke6 47. Rc5 Kd7 48. b4 Rf4 49. g5 Rg4 50. Kb3 Rg1 51. Ra5 Rg4 52. Ra7+ Kd8 53. Rxf7 Rxg5 54. Rf6 Kd7 55. c4 Rxe5 56. Rxg6 Re3+ 57. Ka4 Re4 58. c5 Re7 59. Ka5 Kc7 60. Ka6 Rh7 61. Rg8 Rf7 62. Ra8 Rf4 63. Ra7+ Kb8 64. Rb7+ Kc8 65. b5 cxb5 66. Kb6 b4 67. Rh7 b3 68. Rh8+ 1/2-1/2

[Event "ISL-chT1 1920"]
[Site "Reykjavik"]
[Date "2019.10.06"]
[Round "5.1"]
[White "Thybo, Jesper Sondergaard"]
[Black "Aabling Thomsen, Jakob"]
[Result "1-0"]
[WhiteElo "2550"]
[BlackElo "2358"]
[PlyCount "57"]
[EventDate "2019.10.03"]
[EventType "team-tourn"]
[EventRounds "9"]
[EventCountry "ISL"]
[SourceTitle "CBM 195 Extra"]
[Source "ChessBase"]
[SourceDate "2020.05.31"]
[SourceVersion "1"]
[SourceVersionDate "2020.05.31"]
[SourceQuality "1"]
[WhiteTeam "Skakdeild Fjolnis"]
[BlackTeam "Skakfelag Akureyrar"]
[WhiteTeamCountry "ISL"]
[BlackTeamCountry "ISL"]

1. d4 Nf6 2. c4 g6 3. Nc3 Bg7 4. e4 d6 5. h3 0-0 6. Be3 c5 7. d5 e6 8. Bd3 exd5 9. exd5 Re8 10. Nf3 Nh5 11. 0-0 Rxe3 12. fxe3 Qe7 13. Qe1 Nd7 14. g4 Nhf6 15. Qf2 h5 16. g5 Nh7 17. Ne4 Ne5 18. Nxe5 Bxe5 19. Qg2 Kh8 20. Rf2 Bf5 21. h4 Qd7 22. Raf1 Re8 23. Rxf5 gxf5 24. Qh3 Re7 25. Rxf5 Bxb2 26. Qf3 f6 27. gxf6 Rxe4 28. Bxe4 Nxf6 29. Rxf6 1-0

[Event "ISL-chT1 1920"]
[Site "Reykjavik"]
[Date "2019.10.05"]
[Round "4.5"]
[White "Aabling Thomsen, Jakob"]
[Black "Stefansson, Hannes"]
[Result "0-1"]
[WhiteElo "2358"]
[BlackElo "2541"]
[PlyCount "39"]
[EventDate "2019.10.03"]
[EventType "team-tourn"]
[EventRounds "9"]
[EventCountry "ISL"]
[SourceTitle "CBM 195 Extra"]
[Source "ChessBase"]
[SourceDate "2020.05.31"]
[SourceVersion "1"]
[SourceVersionDate "2020.05.31"]
[SourceQuality "1"]
[WhiteTeam "Skakfelag Akureyrar"]
[BlackTeam "Skakfelagidj Huginn"]
[WhiteTeamCountry "ISL"]
[BlackTeamCountry "ISL"]

1. c4 Nf6 2. g3 c6 3. Nf3 g6 4. b3 Bg7 5. Bb2 d6 6. Bg2 e5 7. 0-0 0-0 8. d3 Nh5 9. Qc1 c5 10. Ne1 Nc6 11. Nc3 Be6 12. Nd5 Qd7 13. Bf3 Bh3 14. Bg2 Nd4 15. Bxd4 cxd4 16. f4 exf4 17. Bxh3 Qxh3 18. Nxf4 Nxf4 19. Rxf4 Bh6 20. Rf2 0-1

[Event "ISL-chT1 1920"]
[Site "Reykjavik"]
[Date "2019.10.03"]
[Round "1.3"]
[White "Dziuba, Marcin"]
[Black "Aabling Thomsen, Jakob"]
[Result "1-0"]
[WhiteElo "2580"]
[BlackElo "2358"]
[PlyCount "107"]
[EventDate "2019.10.03"]
[EventType "team-tourn"]
[EventRounds "9"]
[EventCountry "ISL"]
[SourceTitle "CBM 195 Extra"]
[Source "ChessBase"]
[SourceDate "2020.05.31"]
[SourceVersion "1"]
[SourceVersionDate "2020.05.31"]
[SourceQuality "1"]
[WhiteTeam "Vikingaklubburinn"]
[BlackTeam "Skakfelag Akureyrar"]
[WhiteTeamCountry "ISL"]
[BlackTeamCountry "ISL"]

1. c4 Nf6 2. g3 e5 3. Bg2 c6 4. Nf3 e4 5. Nd4 d5 6. d3 Bc5 7. Nb3 Bb4+ 8. Bd2 Bxd2+ 9. Qxd2 dxc4 10. dxc4 Qe7 11. Nc3 0-0 12. 0-0 Bf5 13. Rad1 Na6 14. Qf4 Bg6 15. Rd6 Rfe8 16. Rfd1 e3 17. fxe3 Bc2 18. R1d2 Bxb3 19. axb3 Qxe3+ 20. Qxe3 Rxe3 21. Ne4 Re8 22. Rd8 Kf8 23. Rxe8+ Nxe8 24. Nc3 Ke7 25. Rd1 Nac7 26. b4 Nd6 27. Kf2 Re5 28. b3 a6 29. Na4 a5 30. c5 Ne4+ 31. Bxe4 Rxe4 32. bxa5 Nd5 33. Rd3 f5 34. Nb2 Nf6 35. Nc4 Ng4+ 36. Ke1 Ne5 37. Nxe5 Rxe5 38. b4 Re4 39. Rb3 Kd7 40. Kd2 Kc7 41. Re3 Rxb4 42. Re7+ Kc8 43. Rxg7 Rc4 44. Rxh7 Rxc5 45. h4 Rxa5 46. h5 Ra1 47. h6 Rh1 48. e4 fxe4 49. g4 c5 50. g5 c4 51. g6 Rh2+ 52. Kc3 e3 53. g7 Rg2 54. Rh8+ 1-0

[Event "Titled Tuesday intern op 4th June"]
[Site "Chess.com INT"]
[Date "2019.06.04"]
[Round "3"]
[White "Aabling Thomsen, Jakob"]
[Black "Grochal, Joey"]
[Result "0-1"]
[WhiteElo "2358"]
[BlackElo "2313"]
[PlyCount "102"]
[EventDate "2019.06.04"]
[EventType "swiss (blitz)"]
[EventRounds "10"]
[EventCountry "USA"]
[SourceTitle "EXT 2021"]
[Source "ChessBase"]
[SourceDate "2020.10.23"]
[SourceVersion "1"]
[SourceVersionDate "2020.10.23"]
[SourceQuality "1"]

1. c4 e6 2. Nf3 Nf6 3. b3 b6 4. g3 Bb7 5. Bg2 Be7 6. Bb2 0-0 7. 0-0 c5 8. d4 cxd4 9. Qxd4 Nc6 10. Qd2 d5 11. cxd5 Qxd5 12. Rd1 Qxd2 13. Nbxd2 Rac8 14. Nc4 Rfd8 15. Nfe5 Nd5 16. Nxc6 Bxc6 17. Ne5 Bb5 18. Bxd5 Rxd5 19. Rxd5 exd5 20. e3 f6 21. Nf3 Rc2 22. Bd4 Bc5 23. a4 Be2 24. Ne1 Bxd4 25. Nxc2 Bxa1 26. Nxa1 Kf7 27. f4 Ke6 28. Kf2 Bd3 29. b4 Kf5 30. a5 Ke4 31. Nb3 Bc4 32. Nd4 Kd3 33. Nc6 bxa5 34. bxa5 a6 35. f5 Kc2 36. g4 Kb3 37. h4 Ka4 38. Kg3 Kb5 39. Nd4+ Kxa5 40. Ne6 Kb4 41. Nxg7 a5 42. Ne6 a4 43. Nd4 Kc3 44. g5 a3 45. g6 hxg6 46. fxg6 a2 47. g7 a1Q 48. Nf5 d4 49. exd4 Qg1+ 50. Kf4 Be6 51. Ng3 Qf2+ 0-1

[Event "DEN-ch blitz Gp1"]
[Site "Svendborg"]
[Date "2019.04.19"]
[Round "7"]
[White "Hansen, Soren Bech"]
[Black "Aabling Thomsen, Jakob"]
[Result "1/2-1/2"]
[WhiteElo "2243"]
[BlackElo "2358"]
[PlyCount "95"]
[EventDate "2019.04.19"]
[EventType "tourn (blitz)"]
[EventRounds "7"]
[EventCountry "DEN"]
[SourceTitle "EXT 2020"]
[Source "ChessBase"]
[SourceDate "2019.10.17"]
[SourceVersion "1"]
[SourceVersionDate "2019.10.17"]
[SourceQuality "1"]

1. e4 c5 2. Nf3 g6 3. Bc4 Bg7 4. c3 d6 5. d4 cxd4 6. Nxd4 Nf6 7. Nd2 0-0 8. 0-0 Nc6 9. Qe2 Bd7 10. h3 Rc8 11. Bb3 Qb6 12. N2f3 Rfd8 13. Be3 Qc7 14. Bd2 Be8 15. Rad1 a6 16. Rfe1 Nd7 17. Nxc6 bxc6 18. Qxa6 Nc5 19. Qe2 Rb8 20. Nd4 e5 21. Nf3 Nxb3 22. axb3 Rxb3 23. Bc1 f6 24. Nd2 Rbb8 25. b4 Bf7 26. Nc4 d5 27. Na5 d4 28. cxd4 exd4 29. Bd2 Qd6 30. Rc1 Rdc8 31. Qa6 Bf8 32. Rxc6 Rxc6 33. Qxc6 Qxc6 34. Nxc6 Rb6 35. Nxd4 Bxb4 36. Rb1 Bc5 37. Rxb6 Bxb6 38. Be3 Bxd4 39. Bxd4 f5 40. f3 fxe4 41. fxe4 Bc4 42. Kf2 Kf7 43. h4 h5 44. Ke3 Bf1 45. g3 Ke6 46. Kf4 Bh3 47. Kg5 Kf7 48. Bc3 1/2-1/2

[Event "DEN-ch blitz Gp1"]
[Site "Svendborg"]
[Date "2019.04.19"]
[Round "5"]
[White "Rasmussen, Allan Stig"]
[Black "Aabling Thomsen, Jakob"]
[Result "1-0"]
[WhiteElo "2436"]
[BlackElo "2358"]
[PlyCount "71"]
[EventDate "2019.04.19"]
[EventType "tourn (blitz)"]
[EventRounds "7"]
[EventCountry "DEN"]
[SourceTitle "EXT 2020"]
[Source "ChessBase"]
[SourceDate "2019.10.17"]
[SourceVersion "1"]
[SourceVersionDate "2019.10.17"]
[SourceQuality "1"]

1. d4 Nf6 2. Nf3 g6 3. Bf4 Bg7 4. e3 0-0 5. Be2 d6 6. 0-0 Nh5 7. Bg5 h6 8. Bh4 g5 9. Nfd2 Nf4 10. exf4 gxh4 11. c3 c5 12. dxc5 dxc5 13. Nf3 h3 14. g3 Nc6 15. Nbd2 b6 16. Re1 Qc7 17. Bd3 Bg4 18. Qe2 Rad8 19. Qe4 Rxd3 20. Qxd3 Rd8 21. Qe4 e6 22. Nc4 Bf5 23. Qe3 Rd3 24. Qe2 Qb7 25. Rad1 Nd4 26. cxd4 Rxf3 27. d5 Bg4 28. Qe4 Bd4 29. Rxd4 cxd4 30. Ne5 exd5 31. Qxd4 h5 32. Nxf3 Bxf3 33. Re8+ Kh7 34. Rh8+ Kg6 35. Rg8+ Kf5 36. Qe5# 1-0